000 00541nam a2200193Ia 4500
003 GCL
008 140319s9999 xx 000 0 ara d
040 _aGCL /
_cGCL
082 0 4 _a745.6191
_bك ر
100 1 _aكامل البابا
245 1 0 _aروح الخط العربى /
_cكامل البابا
300 _a335 ص
490 _a
650 0 4 _aالخط العربى
650 0 4 _aالخط الكوفى
650 0 4 _aالخط النسخى - تحسين
650 0 4 _aالراقعة - دراسة الخطوط
942 _2ddc
_cBK
999 _c45661
_d45661